000 00569nam a22001697a 4500
003 MACL
005 20160528120312.0
008 160528b xxu||||| |||| 00| 0 eng d
040 _cMACL
041 _aHindi
082 _a741.642
100 _aगोयल, हरीश
_949546
245 _aप्‍लास्टिक ही संसार
_cहरीश गोयल
260 _aनई दिल्‍ली
_bराष्‍ट्रभाषा प्रकाशन
_c2012
650 _aचिल्‍ड्रन बुक
_9159
942 _2ddc
_cHIN
999 _c54135
_d54135